The global PR revolution : how thought leaders succeed in the transformed world of PR /

Bibliographic Details
Main Author: Behar, Maxim (Author)
Corporate Author: ProQuest (Firm)
Format: eBook
Language:English
Published: New York, NY : Allworth Press, [2019]
Subjects:
Online Access:Connect to the full text of this electronic book

MARC

Tag First Indicator Second Indicator Subfields
LEADER 00000cam a2200000 i 4500
001 in00004092721
006 m o d
007 cr cnu---unuuu
008 190304s2019 nyu o 001 0 eng
005 20250816213005.2
010 |a  2019010717 
020 |a 9781621537175  |q electronic book 
020 |a 162153717X  |q electronic book 
020 |z 9781621537151  |q hardcover  |q alkaline paper 
024 8 |a 99982400906 
035 |a (DLC)ebc5899507 
040 |a NhCcYBP  |c NhCcYBP  |d UtOrBLW 
042 |a pcc 
050 4 |a HD59  |b .B44 2019 
082 0 0 |a 659.2  |2 23 
100 1 |a Behar, Maxim,  |e author.  |0 http://id.loc.gov/authorities/names/n2014064194 
245 1 4 |a The global PR revolution :  |b how thought leaders succeed in the transformed world of PR /  |c Maxim Behar. 
264 1 |a New York, NY :  |b Allworth Press,  |c [2019] 
300 |a 1 online resource. 
336 |a text  |b txt  |2 rdacontent 
337 |a computer  |b c  |2 rdamedia 
338 |a online resource  |b cr  |2 rdacarrier 
500 |a Includes index. 
588 |a Description based on online resource; title from digital title page (viewed on October 29, 2019). 
500 |a Electronic resource. 
650 0 |a Public relations.  |0 http://id.loc.gov/authorities/subjects/sh85108753 
650 0 |a Social media.  |0 http://id.loc.gov/authorities/subjects/sh2006007023 
650 0 |a Internet in public relations.  |0 http://id.loc.gov/authorities/subjects/sh00002234 
655 7 |a Electronic books.  |2 local 
710 2 |a ProQuest (Firm)  |0 http://id.loc.gov/authorities/names/n2007068018 
776 1 8 |i Print version:  |a Behar, Maxim, author.  |t Global PR revolution  |d New York, NY : Allworth Press, [2019]  |z 9781621537151  |w (DLC) 2019008429 
856 4 0 |u https://ebookcentral.proquest.com/lib/tamucs/detail.action?docID=5899507  |z Connect to the full text of this electronic book  |t 0 
955 |a YBP purchased approval e-records 
980 |b 134.96  |g 1 
987 |a ybp300835199 
999 f f |s 0355fddf-acc1-39e6-ab9d-782b5faef165  |i 229b8a67-c123-3066-8bdb-7d30a4ac48ef  |t 0 
952 f f |a Texas A&M University  |b College Station  |c Electronic Resources  |d Available Online  |t 0  |e HD59 .B44 2019  |h Library of Congress classification 
998 f f |a HD59 .B44 2019  |t 0  |l Available Online